000 00488nam a2200181 i 4500
001 68304
003 ES-MaACL
005 20230906170242.0
007 t|
008 040616s2003 sp ||||1| spa d
020 _a84-204-0113-7
080 _a821.134.2(728.1)-4"19"
100 1 _aMonterroso, Augusto.
_982548
245 1 0 _aLiteratura y vida /
_cAugusto Monterroso.
260 _aMadrid :
_bAlfaguara,
_c[2003]
300 _a140 p. ;
_c23 cm.
852 _aES-MaACL
_jL-28006
_bR.133804
999 _c68304
_d68304